| 000 | 00451nam a22001697a 4500 | ||
|---|---|---|---|
| 003 | NUST - PNEC | ||
| 005 | 20170116180957.0 | ||
| 008 | 150912b xxu||||| |||| 00| 0 eng d | ||
| 020 | _a- | ||
| 040 | _cLIBRARY | ||
| 082 | _a621.381 CAG | ||
| 100 |
_99321 _aCage, John M. |
||
| 245 |
_aTheory and application of industrial electronics _cJohn M Cage and Charles J. Bashe |
||
| 260 | _cc.1950 | ||
| 650 |
_99323 _aElectronics _xEL |
||
| 942 |
_2ddc _cBK |
||
| 999 |
_c66583 _d66583 |
||